01660nam a2200265 a 4500008004100000020001800041050001800059100002000077245019400097260006700291300000900358490006400367500002000431650004500451650002900496700002000525710005800545995013200603995013200735995013200867999001700999952012601016952012601142952012601268120809s2011 ||||||||||||||||| || u a9781868087242 aACCD(08)WP/7A aCharman, Andrew10aConflict and cohesion in the informal economy: A reassessment of the mobilisation of xenophobic violence in the case of spaza shops in Delft, Cape TowncBy Andrew charman and Laurence Piper aBellvillebAfrican Centre for Citizenship and Democracy c2011 a33p. aAfrican Centre for Citizenship and Democracy Working Papers aWorking paper 7 aSTORES, RETAIL--SOUTH AFRICA--MANAGEMENT aXENOPHOBIA--SOUTH AFRICA aPiper, Laurence aAfrican Centre for Citizenship and Democracy (ACCEDE) aSPECIAL COLLECTIONSe118FCBU-MAIN LIBRARY (Kitwe)jACCD(08)WP/7CM3UAVAILABLEWAug 15, 2012yB118ZInternational Publications aSPECIAL COLLECTIONSe116FCBU-MAIN LIBRARY (Kitwe)jACCD(08)WP/7AM1UAVAILABLEWAug 15, 2012yB116ZInternational Publications aSPECIAL COLLECTIONSe117FCBU-MAIN LIBRARY (Kitwe)jACCD(08)WP/7BM2UAVAILABLEWAug 15, 2012yB117ZInternational Publications c79739d79739 00102lcc4070a001b001cInternational Publicationsd2023-06-29l0oACCD(08)WP/7CpB118r2023-06-29t1w2023-06-29y023 00102lcc4070a001b001cInternational Publicationsd2023-06-29l0oACCD(08)WP/7ApB116r2023-06-29t2w2023-06-29y023 00102lcc4070a001b001cInternational Publicationsd2023-06-29l0oACCD(08)WP/7BpB117r2023-06-29t3w2023-06-29y023